000
00332 a2200157 4500
001
155517
040
_c
Escola São Tomás de Aquino
100
_a
PAIANO, Enor
240
1
0
_a
Tropicalismo
_l
por
245
1
0
_a
Tropicalismo
300
_a
71
362
0
_a
1996
440
1
_a
Scipione
697
_a
Língua portuguesa
942
_c
BK
999
_c
155517
_d
155517